Leaders of the Cold War #6 - Statistics

General Stats
  • This quiz has been taken 15 times
  • The average score is 6 of 16
Answer Stats
Picture Answer % Correct
Elizabeth II
93%
Boris Yeltsin
86%
George VI
50%
Slobodan Milosevic
50%
Enver Hoxha
43%
Jiang Zemin
36%
Antonio Salazar
29%
Ferdinand Marcos
29%
Teodoro Obiang Nguema Mbasogo
29%
Francois Mitterand
21%
Park Chung-Hee
21%
Zhou Enlai
21%
Baby Doc
14%
Brian Mulroney
14%
Antonin Novotny
7%
Juliana
7%
No matching quizzes found
Score Distribution
Percent of People with Each Score
Percentile by Number Answered
Your Score History
You have not taken this quiz